000 00429nam a2200145Ia 4500
008 100204s9999 xx 000 0 und d
082 _b15727
100 _aरावजी आशू / कानडे दिनू
245 _aसजनी
260 _b"डॉल्फिन लायब्ररी, गोवा"
_c1992
300 _a195
630 _aसजनी
730 _aसजनी
942 _cBOOK
999 _c460150
_d460147